[Event "SVK-ch U2400"]
[Site "Liptovsky Jan"]
[Date "2025.06.13"]
[Round "4"]
[White "Mlynek, Maksymilian"]
[Black "Olkuski, Tadeusz"]
[Result "1-0"]
[WhiteElo "1780"]
[BlackElo "1551"]
[PlyCount "49"]
[EventDate "2025.06.12"]
[EventType "swiss"]
[EventRounds "8"]
[EventCountry "SVK"]
[SourceTitle "CB25_2025"]
[SourceDate "2025.06.18"]
[SourceVersion "1"]
[SourceVersionDate "2025.06.18"]
[SourceQuality "1"]

1. d4 Nf6 2. Nc3 d5 3. Bf4 c6 4. e3 Bf5 5. f3 e6 6. g4 Bg6 7. h4 h5 8. g5 Ng8 9. Bd3 Bxd3 10. Qxd3 Bd6 11. g6 f6 12. Nge2 Bxf4 13. Nxf4 Qe7 14. 0-0-0 f5 15. e4 fxe4 16. fxe4 Qd6 17. Qe3 Kd7 18. exd5 cxd5 19. Rhe1 Nf6 20. Qxe6+ Qxe6 21. Nxe6 Rg8 22. Nc5+ Kc8 23. Re7 b6 24. Ne6 Nc6 25. Rc7+ 1-0

[Event "Katowice rapid op"]
[Site "Katowice"]
[Date "2025.05.31"]
[Round "7"]
[White "Mlynek, Maksymilian"]
[Black "Sroka, Janusz"]
[Result "0-1"]
[WhiteElo "1764"]
[BlackElo "2022"]
[PlyCount "62"]
[EventDate "2025.05.31"]
[EventType "swiss"]
[EventRounds "11"]
[EventCountry "POL"]
[SourceTitle "CB24_2025"]
[SourceDate "2025.06.11"]
[SourceVersion "1"]
[SourceVersionDate "2025.06.11"]
[SourceQuality "1"]

1. d4 g6 2. Nc3 Bg7 3. e4 d6 4. Bf4 c6 5. Qd2 b5 6. 0-0-0 Qa5 7. Kb1 b4 8. Nce2 Nd7 9. Nc1 Ngf6 10. f3 Rb8 11. Bc4 Qc7 12. Nge2 a5 13. Bh6 Bxh6 14. Qxh6 Nb6 15. Bd3 c5 16. Bb5+ Bd7 17. Bxd7+ Nbxd7 18. Nd3 c4 19. Ndf4 c3 20. e5 dxe5 21. dxe5 Nxe5 22. Nd4 cxb2 23. Nde6 fxe6 24. Nxe6 Qc3 25. Ng7+ Kf7 26. Rhe1 Nc4 27. Rxe7+ Kxe7 28. Nf5+ gxf5 29. Qg7+ Ke6 30. a4 Na3+ 31. Ka2 b3+ 0-1

[Event "Reykjavik op"]
[Site "Reykjavik"]
[Date "2025.04.15"]
[Round "9"]
[White "Jonsdottir, Katrin Maria"]
[Black "Mlynek, Maksymilian"]
[Result "1/2-1/2"]
[WhiteElo "1565"]
[BlackElo "1798"]
[PlyCount "116"]
[EventDate "2025.04.09"]
[EventType "swiss"]
[EventRounds "9"]
[EventCountry "ISL"]
[SourceTitle "CB17_2025"]
[SourceDate "2025.04.23"]
[SourceVersion "1"]
[SourceVersionDate "2025.04.23"]
[SourceQuality "1"]

1. e4 a5 2. d4 e6 3. c4 b6 4. Nc3 Bb7 5. Bd3 f5 6. Nf3 fxe4 7. Bxe4 Bxe4 8. Nxe4 Be7 9. d5 Bb4+ 10. Ke2 Nf6 11. Bg5 exd5 12. Bxf6 gxf6 13. Qxd5 Nc6 14. Qh5+ Kf8 15. Qh6+ Kf7 16. g4 Qe7 17. Qf4 Rhe8 18. Kd3 Ne5+ 19. Nxe5+ Qxe5 20. Qxe5 Rxe5 21. a3 Bf8 22. f4 Re7 23. g5 fxg5 24. fxg5 Bg7 25. Rhf1+ Kg6 26. Rf2 Rae8 27. Nf6 Bxf6 28. gxf6 Re3+ 29. Kd2 Kf7 30. Rg1 Rb3 31. Rg7+ Kf8 32. Kc2 Rbe3 33. Rxh7 Re2+ 34. Rxe2 Rxe2+ 35. Kc3 Rf2 36. Rxd7 Rxf6 37. Rxc7 Rh6 38. Rb7 Ke8 39. c5 bxc5 40. Rb5 a4 41. Rxc5 Rh3+ 42. Kc4 Rxh2 43. Rb5 Kd7 44. Rb4 Kc6 45. Kc3 Rh3+ 46. Kc2 Rh2+ 47. Kb1 Kc5 48. Rxa4 Kb5 49. Rd4 Ka5 50. Rc4 Rg2 51. Rc2 Rg4 52. b4+ Ka4 53. Kb2 Rg3 54. Rc5 Rb3+ 55. Kc2 Rxa3 56. b5 Ka5 57. Kb2 Rh3 58. Rc3 Rxc3 1/2-1/2

[Event "Reykjavik op"]
[Site "Reykjavik"]
[Date "2025.04.13"]
[Round "6"]
[White "Mlynek, Maksymilian"]
[Black "Ponnio, Toni"]
[Result "0-1"]
[WhiteElo "1798"]
[BlackElo "2103"]
[PlyCount "68"]
[EventDate "2025.04.09"]
[EventType "swiss"]
[EventRounds "9"]
[EventCountry "ISL"]
[SourceTitle "CB17_2025"]
[SourceDate "2025.04.23"]
[SourceVersion "1"]
[SourceVersionDate "2025.04.23"]
[SourceQuality "1"]

1. d4 Nf6 2. Nc3 d5 3. Bf4 e6 4. e3 Bb4 5. Bd3 c5 6. dxc5 Nbd7 7. Nf3 Qa5 8. Qd2 Nxc5 9. 0-0 b6 10. Be5 Nce4 11. Bb5+ Bd7 12. Bxd7+ Nxd7 13. Qd3 Nxe5 14. Nxe5 Bxc3 15. bxc3 f6 16. Nf3 Nxc3 17. Nd4 Kf7 18. f4 Rac8 19. a4 Ne4 20. Qe2 h5 21. f5 e5 22. Ne6 Nc5 23. Qf3 Ne4 24. Qe2 Rc4 25. Qd3 g6 26. Ng5+ Nxg5 27. fxg6+ Kg7 28. Qf5 Rf8 29. h4 Rxh4 30. c4 Rg4 31. Qd7+ Kxg6 32. Qd6 Qd2 33. Qxd5 Qxe3+ 34. Rf2 Nh3+ 0-1

[Event "Reykjavik op"]
[Site "Reykjavik"]
[Date "2025.04.11"]
[Round "4"]
[White "Mlynek, Maksymilian"]
[Black "Gudbrandsson, Thor Jokull"]
[Result "0-1"]
[WhiteElo "1798"]
[BlackElo "1622"]
[PlyCount "108"]
[EventDate "2025.04.09"]
[EventType "swiss"]
[EventRounds "9"]
[EventCountry "ISL"]
[SourceTitle "CB17_2025"]
[SourceDate "2025.04.23"]
[SourceVersion "1"]
[SourceVersionDate "2025.04.23"]
[SourceQuality "1"]

1. d4 Nf6 2. Nc3 d5 3. Bf4 g6 4. e3 Bg7 5. Be2 a6 6. h4 h5 7. Nf3 Bg4 8. Ne5 Bxe2 9. Qxe2 Nbd7 10. f3 c5 11. 0-0-0 e6 12. g4 Rc8 13. g5 Ng8 14. Nxd7 Qxd7 15. Qh2 cxd4 16. exd4 Ne7 17. Be5 Bxe5 18. dxe5 Qc7 19. Rhe1 0-0 20. Kb1 Nf5 21. Qf2 b5 22. a3 Rb8 23. Rd3 Rfc8 24. Na2 a5 25. Rc3 Qb7 26. Rb3 Rc4 27. f4 Qc7 28. Rd1 Qb6 29. Qh2 Ne3 30. Rc1 Nf5 31. Rd3 Rd4 32. Rcd1 Rxd3 33. Rxd3 Rc8 34. b3 Kg7 35. Kb2 Qc5 36. Qd2 a4 37. Rc3 Qf8 38. Rxc8 Qxc8 39. Qf2 d4 40. Kb1 Qc6 41. Kb2 Qh1 42. Nb4 Qxh4 43. Qd2 Qg3 44. Nd3 h4 45. Qa5 h3 46. Qd8 h2 47. Qf6+ Kg8 48. Qd8+ Kh7 49. Qd7 Kg7 50. Qd8 h1Q 51. Qf6+ Kg8 52. Qd8+ Kh7 53. Qf6 Qb7 54. b4 Qe7 0-1

[Event "Scottish op"]
[Site "Dunfermline"]
[Date "2024.07.12"]
[Round "7"]
[White "Mlynek, Maksymilian"]
[Black "Mizicka, Matus"]
[Result "0-1"]
[WhiteElo "1789"]
[BlackElo "1976"]
[PlyCount "144"]
[EventDate "2024.07.08"]
[EventType "swiss"]
[EventRounds "9"]
[EventCountry "SCO"]
[SourceTitle "CBM 221 Extra"]
[Source "ChessBase"]
[SourceDate "2024.09.30"]
[SourceVersion "1"]
[SourceVersionDate "2024.09.30"]
[SourceQuality "1"]

1. d4 e6 2. Bf4 f5 3. Nc3 Nf6 4. e3 Be7 5. Nf3 0-0 6. Bd3 b6 7. Nb5 d6 8. h4 h6 9. Nd2 Bb7 10. Bc4 Bd5 11. Qe2 a6 12. Nc3 b5 13. Nxd5 Nxd5 14. Bb3 Nc6 15. Bxd5 exd5 16. Rh3 Qd7 17. Qh5 Qe6 18. Rg3 Kh7 19. Nf3 Qf7 20. Ng5+ Bxg5 21. Qxf7 Rxf7 22. hxg5 Re7 23. gxh6 Nxd4 24. Kd2 Ne6 25. hxg7 Rxg7 26. Rh1+ Kg8 27. Rgh3 Kf7 28. Rh5 Kf6 29. Rh6+ Ke7 30. g3 Nxf4 31. gxf4 Rf8 32. R1h5 Rg2 33. Ke2 Rg1 34. Rh7+ Kd8 35. Rh1 Rxh1 36. Rxh1 Kd7 37. Rh5 c5 38. Kd3 Kc6 39. f3 a5 40. c3 a4 41. Rg5 Rh8 42. Rg2 Rh3 43. Rf2 Rh1 44. a3 Kb6 45. Kc2 Rh3 46. Kd3 Kc6 47. Kc2 Kd7 48. Kd2 Ke6 49. Kc2 d4 50. cxd4 cxd4 51. e4 Rh4 52. Kd3 Rxf4 53. exf5+ Kd5 54. f6 Rxf6 55. Rf1 Rf4 56. Rf2 Ke5 57. Re2+ Kf5 58. Rh2 Rxf3+ 59. Kxd4 Ke6 60. Rh5 Rb3 61. Rh2 Kd7 62. Rc2 Rh3 63. Kd5 Rd3+ 64. Ke4 Rd1 65. Ke3 Ke6 66. Ke2 Rd5 67. Rc3 Rc5 68. Rh3 Rc2+ 69. Kd1 Rxb2 70. Rh5 d5 71. Rh6+ Ke5 72. Rb6 Kd4 0-1

[Event "Scottish op"]
[Site "Dunfermline"]
[Date "2024.07.08"]
[Round "1"]
[White "Mlynek, Maksymilian"]
[Black "McDonald, Angus"]
[Result "1-0"]
[WhiteElo "1789"]
[BlackElo "1921"]
[PlyCount "60"]
[EventDate "2024.07.08"]
[EventType "swiss"]
[EventRounds "9"]
[EventCountry "SCO"]
[SourceTitle "CBM 221 Extra"]
[Source "ChessBase"]
[SourceDate "2024.09.30"]
[SourceVersion "1"]
[SourceVersionDate "2024.09.30"]
[SourceQuality "1"]

1. d4 d5 2. Nc3 c6 3. Bf4 e6 4. e3 Bd6 5. Bg3 Nf6 6. Bd3 Qc7 7. Nf3 Nbd7 8. e4 dxe4 9. Nxe4 Nxe4 10. Bxe4 Nf6 11. Bd3 Bd7 12. c3 0-0-0 13. Ne5 Be8 14. Qe2 Nd7 15. Bh4 Nxe5 16. dxe5 Be7 17. Bxe7 Qxe7 18. 0-0 f5 19. exf6 gxf6 20. Bf5 Bd7 21. Rfe1 e5 22. Qe4 Kb8 23. Red1 Kc7 24. h3 Be6 25. Bxe6 Rxd1+ 26. Rxd1 Qxe6 27. Qa4 Kb8 28. b4 Rg8 29. Qa5 b6 30. Qa6 Qxh3 1-0

[Event "SVK-ch U2300"]
[Site "Liptovsky Jan"]
[Date "2024.06.18"]
[Round "8"]
[White "Mlynek, Maksymilian"]
[Black "Klimes, Martin1"]
[Result "1-0"]
[WhiteElo "1775"]
[BlackElo "1591"]
[PlyCount "83"]
[EventDate "2024.06.15"]
[EventType "swiss"]
[EventRounds "8"]
[EventCountry "SVK"]
[SourceTitle "CBM 220 Extra"]
[Source "ChessBase"]
[SourceDate "2024.07.31"]
[SourceVersion "1"]
[SourceVersionDate "2024.07.31"]
[SourceQuality "1"]

1. d4 d5 2. Nc3 e6 3. Bf4 a6 4. e4 dxe4 5. Nxe4 Nc6 6. Nf3 g6 7. Bg5 f6 8. Be3 Bg7 9. c3 Nge7 10. Qb3 b6 11. Be2 Qd7 12. 0-0 Bb7 13. Qc2 0-0-0 14. Rfd1 Na7 15. a4 Kb8 16. b4 Qe8 17. c4 g5 18. a5 Qg6 19. Bd3 f5 20. Nexg5 Bxf3 21. Nxf3 Rhg8 22. Ne1 Bxd4 23. Bxd4 Rxd4 24. axb6 cxb6 25. Rxa6 Rg4 26. g3 Kb7 27. Qa4 Nec8 28. Qd7+ Ka8 29. Rda1 Qg7 30. Qxe6 h5 31. Bxf5 Rg5 32. Be4+ Kb8 33. Rxa7 Nxa7 34. Qxb6+ Kc8 35. Rxa7 Qxa7 36. Qxa7 h4 37. Nd3 hxg3 38. hxg3 Kd8 39. Nc5 Rxc5 40. bxc5 Re8 41. c6 Rxe4 42. Qd7# 1-0

[Event "Wroclaw Anderssen Memorial op"]
[Site "Wroclaw"]
[Date "2021.07.31"]
[Round "5"]
[White "Ostrega, Przemyslaw"]
[Black "Mlynek, Maksymilian"]
[Result "0-1"]
[WhiteElo "1699"]
[BlackElo "1502"]
[PlyCount "80"]
[EventDate "2021.07.31"]
[EventType "swiss (rapid)"]
[EventRounds "9"]
[EventCountry "POL"]
[SourceTitle "CBM 203 Extra"]
[Source "ChessBase"]
[SourceDate "2021.09.30"]
[SourceVersion "1"]
[SourceVersionDate "2021.09.30"]
[SourceQuality "1"]

1. d4 d5 2. Nc3 e6 3. Bf4 c6 4. e3 Nf6 5. Nf3 Qb6 6. Rb1 Nbd7 7. Ne5 Nxe5 8. Bxe5 Nd7 9. Bg3 Be7 10. h4 Bf6 11. f4 c5 12. Ne2 Be7 13. Bf2 cxd4 14. Nxd4 Nf6 15. Bd3 Bd7 16. 0-0 Ne4 17. g3 0-0-0 18. Bxe4 dxe4 19. c4 f6 20. c5 Bxc5 21. Qc2 Kb8 22. Qxe4 e5 23. fxe5 fxe5 24. Qxe5+ Ka8 25. Kh2 Bd6 26. Qh5 g6 27. Qf3 g5 28. hxg5 Be7 29. Kg1 Bxg5 30. b4 h5 31. e4 Qg6 32. Nf5 h4 33. g4 h3 34. Kh2 Rhf8 35. Bg3 Qa6 36. Rf2 Bxf5 37. exf5 Rd2 38. Rxd2 Bxd2 39. Rb2 Bg5 40. Qd3 Qxd3 0-1

[Event "PNWCC Online Blitz JP 24"]
[Site "Chess.com INT"]
[Date "2021.06.13"]
[Round "9"]
[White "Baskin, Robert"]
[Black "Mlynek, Maksymilian"]
[Result "1-0"]
[WhiteElo "2390"]
[BlackElo "1486"]
[PlyCount "111"]
[EventDate "2021.06.13"]
[EventType "swiss (blitz)"]
[EventRounds "12"]
[EventCountry "USA"]
[SourceTitle "CBM 202 Extra"]
[Source "ChessBase"]
[SourceDate "2021.07.31"]
[SourceVersion "1"]
[SourceVersionDate "2021.07.31"]
[SourceQuality "1"]

1. d4 d5 2. c4 e6 3. Nf3 c6 4. Nc3 Nf6 5. e3 Nbd7 6. Bd3 dxc4 7. Bxc4 b5 8. Bd3 Bb7 9. 0-0 a6 10. e4 c5 11. e5 cxd4 12. Nxb5 axb5 13. exf6 Qxf6 14. Bg5 Bxf3 15. Qd2 Qe5 16. gxf3 Bd6 17. f4 Qd5 18. Rfe1 f5 19. Qe2 Nc5 20. Bxb5+ Kf7 21. Bc4 Qe4 22. Qh5+ g6 23. Rxe4 gxh5 24. Rxd4 Be7 25. b4 Bxg5 26. fxg5 Ne4 27. f4 Rhd8 28. Rad1 Ke7 29. Rxd8 Rxd8 30. Rxd8 Kxd8 31. Bxe6 Nc3 32. Kf2 Ke7 33. Bxf5 Nxa2 34. b5 Nc3 35. b6 Kd6 36. Bxh7 Kc6 37. g6 Ne4+ 38. Kf3 Nf6 39. g7 Kxb6 40. g8Q Nxg8 41. Bxg8 Kc7 42. Bf7 Kd6 43. Bxh5 Ke7 44. Bg4 Kf6 45. h4 Kg7 46. f5 Kh6 47. Kf4 Kh7 48. Kg5 Kg7 49. f6+ Kh7 50. Bf5+ Kh8 51. h5 Kg8 52. h6 Kh8 53. Bg4 Kh7 54. f7 Kh8 55. f8Q+ Kh7 56. Qg7# 1-0

[Event "PNWCC Online Blitz JP 24"]
[Site "Chess.com INT"]
[Date "2021.06.13"]
[Round "2"]
[White "Mlynek, Maksymilian"]
[Black "Arencibia Monduy, Antonio"]
[Result "0-1"]
[WhiteElo "1486"]
[BlackElo "2148"]
[PlyCount "48"]
[EventDate "2021.06.13"]
[EventType "swiss (blitz)"]
[EventRounds "12"]
[EventCountry "USA"]
[SourceTitle "CBM 202 Extra"]
[Source "ChessBase"]
[SourceDate "2021.07.31"]
[SourceVersion "1"]
[SourceVersionDate "2021.07.31"]
[SourceQuality "1"]

1. d4 Nf6 2. Bf4 e6 3. e3 c5 4. c3 Nc6 5. Nf3 Be7 6. Nbd2 0-0 7. Bd3 b6 8. Ne5 Bb7 9. Qe2 d6 10. Ng4 Nxg4 11. Qxg4 e5 12. Bg3 exd4 13. exd4 cxd4 14. cxd4 Nb4 15. Bf5 g6 16. 0-0 h5 17. Qe2 Ba6 18. Nc4 d5 19. Bxg6 fxg6 20. Qe6+ Kh7 21. Ne5 Rf6 22. Qh3 Bc8 23. Qh4 Rf8 24. Nxg6 Kxg6 0-1

[Event "PNWCC Online Blitz JP 24"]
[Site "Chess.com INT"]
[Date "2021.06.13"]
[Round "8"]
[White "Mlynek, Maksymilian"]
[Black "Bian, Erin"]
[Result "1-0"]
[WhiteElo "1486"]
[BlackElo "1485"]
[PlyCount "37"]
[EventDate "2021.06.13"]
[EventType "swiss (blitz)"]
[EventRounds "12"]
[EventCountry "USA"]
[SourceTitle "CBM 202 Extra"]
[Source "ChessBase"]
[SourceDate "2021.07.31"]
[SourceVersion "1"]
[SourceVersionDate "2021.07.31"]
[SourceQuality "1"]

1. d4 Nf6 2. Bf4 e6 3. e3 c5 4. c3 Nc6 5. Nd2 d5 6. Ngf3 Bd6 7. Ne5 0-0 8. Bd3 Qc7 9. Ndf3 b6 10. h4 Nh5 11. Bh2 f6 12. Ng5 fxg5 13. Bxh7+ Kxh7 14. Qxh5+ Kg8 15. hxg5 Nxe5 16. dxe5 Bxe5 17. g6 Re8 18. Bxe5 Qc6 19. Qh8# 1-0

[Event "PNWCC Online Blitz JP 24"]
[Site "Chess.com INT"]
[Date "2021.06.13"]
[Round "10"]
[White "Mlynek, Maksymilian"]
[Black "Sarkar, Justin"]
[Result "0-1"]
[WhiteElo "1486"]
[BlackElo "2356"]
[PlyCount "86"]
[EventDate "2021.06.13"]
[EventType "swiss (blitz)"]
[EventRounds "12"]
[EventCountry "USA"]
[SourceTitle "CBM 202 Extra"]
[Source "ChessBase"]
[SourceDate "2021.07.31"]
[SourceVersion "1"]
[SourceVersionDate "2021.07.31"]
[SourceQuality "1"]

1. d4 Nf6 2. Nf3 h6 3. Bf4 g5 4. Bg3 d6 5. Nc3 Nh5 6. e4 Bg7 7. Bd3 g4 8. Nh4 Nc6 9. Nf5 Bxf5 10. exf5 Nxg3 11. hxg3 h5 12. Ne2 Bxd4 13. Nxd4 Nxd4 14. Qxg4 hxg4 15. Rxh8+ Kd7 16. Rxd8+ Rxd8 17. Kd2 Rh8 18. Ke3 c5 19. Rg1 e5 20. fxe6+ fxe6 21. c3 Nc6 22. Bc2 d5 23. Kf4 Rf8+ 24. Ke3 e5 25. Rh1 d4+ 26. cxd4 exd4+ 27. Ke2 c4 28. Ba4 d3+ 29. Ke3 Re8+ 30. Kd2 Re2+ 31. Kc1 Rxf2 32. Bxc6+ Kxc6 33. Rh6+ Kc5 34. Rg6 Rxg2 35. Rxg4 b5 36. a3 a5 37. Rg6 b4 38. a4 c3 39. Rg5+ Kc4 40. bxc3 bxc3 41. Rg4+ Kb3 42. Rb4+ axb4 43. Kd1 Rg1# 0-1

[Event "PNWCC Online Blitz JP 23"]
[Site "Chess.com INT"]
[Date "2021.04.11"]
[Round "1"]
[White "Postny, Evgeny"]
[Black "Mlynek, Maksymilian"]
[Result "1-0"]
[WhiteElo "2587"]
[BlackElo "1480"]
[PlyCount "41"]
[EventDate "2021.04.11"]
[EventType "swiss (blitz)"]
[EventRounds "12"]
[EventCountry "USA"]
[SourceTitle "CBM 201 Extra"]
[Source "ChessBase"]
[SourceDate "2021.05.31"]
[SourceVersion "1"]
[SourceVersionDate "2021.05.31"]
[SourceQuality "1"]

1. e4 c6 2. d4 d5 3. f3 dxe4 4. fxe4 e5 5. Nf3 exd4 6. Bc4 Be6 7. Bxe6 fxe6 8. 0-0 Nd7 9. Ng5 Qe7 10. Nf7 Ngf6 11. Nxh8 0-0-0 12. Bg5 h6 13. Ng6 Qc5 14. Nxf8 Rxf8 15. Bxf6 gxf6 16. Kh1 Rg8 17. Nd2 Qg5 18. Qe2 Ne5 19. Nf3 Nxf3 20. Qxf3 e5 21. Qf5+ 1-0